Kraje z największą szansą na wygranie Eurowizji 2020 - Statystyki

Ogólne statystyki
  • Ten quiz został rozwiązany 44 razy
  • Średni wynik to 10 z 15
Statystyki odpowiedzi
% Kraj % Poprawnych
7 Włochy
92%
3 Niemcy
90%
8 Rosja
87%
2 Szwecja
82%
10 Szwajcaria
77%
10 Litwa
72%
3 Norwegia
72%
2 Holandia
69%
12 Bułgaria
67%
2 Dania
67%
9 Islandia
62%
4 Malta
59%
5 Rumunia
56%
4 Azerbejdżan
49%
2 Gruzja
38%
Nie znaleziono quizów pasujących do podanych kryteriów
Rozkład punktacji
Procent ludzi z każdym wynikiem
Percentyl według liczby udzielonych odpowiedzi
Twoja historia wyników
Nie rozwiązałeś tego quizu